Statistics for Conifers and more

Click here to take the quiz!

General Stats

  • This quiz has been taken 5 times
  • The average score is 9 of 18

Answer Stats

HintAnswer% Correct
Perhaps the best-known conifer genus, rhymes with wine
Pine
100%
Like the above, but named after Scottish botanist David DouglasDouglas Fir
100%
Sounds like what a dog is covered inFir
100%
The H-4 Hercules airplane was nicknamed the "___ Goose"Spruce
100%
Berry-bearing shrub or small tree of dry mountainsJuniper
80%
Conifer from the mountains and flag of LebanonCedar
60%
Deciduous conifer also known as tamarackLarch
60%
Churchyard tree named not me, but youYew
60%
Tree that shares a name with the poisonous plant that killed SocratesHemlock
40%
Tropical Australasian conifer with a Maori common nameKauri
40%
Strange umbrella-shaped tree of the Chilean AndesMonkey-puzzle
40%
Tallest trees of the California coastRedwood
40%
Giant tree named after the creator of the Cherokee alphabetSequoia
40%
Mediterranean evergreen said to have been used to build Noah's ArkCypress
20%
Another rare Chinese conifer first known from fossilsDawn Redwood
20%
Fan-leafed urban ornamental; not a conifer, but not a flowering tree eitherGinkgo
20%
"Living fossil" tree found in a single valley in AustraliaWollemia
20%
Many "palms" are actually these cone-bearing spiny shrubsCycad
0%

Score Distribution

Percentile by Number Answered

Percent of People with Each Score

Your Score History

You have not taken this quiz